| 000 | 00593nam a2200229Ia 4500 | ||
|---|---|---|---|
| 008 | 210210b2018 xxu||||| |||| 00| 0 eng d | ||
| 020 | _a9788122412581 | ||
| 041 | _aeng | ||
| 082 | _a547.05 MEHO | ||
| 100 | _aMEHROTRA (R C) | ||
| 245 | _aOrganometallic chemistry: a unified approach Ed 2 | ||
| 250 | _a | ||
| 260 |
_aNew Delhi _bNew Age International (P) Limited Publishers _c2018 |
||
| 300 | _axii,634 | ||
| 650 | _aunified | ||
| 650 | _aOrganometallic | ||
| 650 | _achemistry | ||
| 650 | _aapproach | ||
| 690 | _aOrganic Chemistry | ||
| 700 | _aSINGH (A) | ||
| 906 | _a073645 | ||
| 999 |
_c123394 _d123394 |
||